Interaksi Muslim asal dan Muslim mualaf menurut perspektif fiqh al-ta'amul /
Saved in:
| Main Author: | |
|---|---|
| Format: | Thesis Book |
| Language: | Malay |
| Published: |
2019.
|
| Subjects: | |
| Tags: |
Add Tag
No Tags, Be the first to tag this record!
|
| LEADER | 01483cam a2200337 i 4500 | ||
|---|---|---|---|
| 001 | u1121892 | ||
| 003 | SIRSI | ||
| 005 | 201909041454 | ||
| 008 | 190904s2019 my a m 000 0 may | ||
| 040 | |a UMA |d UMM |e rda | ||
| 090 | |a BP42 |b A2 UM 2019 Nurhmp | ||
| 094 | |a BP42 |b A2 UM 2019 Nurhmp | ||
| 100 | 0 | |a Nur Hidayah Mohd Paudzi, |e author. | |
| 245 | 1 | 0 | |a Interaksi Muslim asal dan Muslim mualaf menurut perspektif fiqh al-ta'amul / |c Nur Hidayah binti Mohd Paudzi. |
| 264 | 1 | |c 2019. | |
| 300 | |a xviii, 182 leaves : |b illustrations ; |c 30 cm | ||
| 336 | |a text |2 rdacontent | ||
| 337 | |a unmediated |2 rdamedia | ||
| 338 | |a volume |2 rdacarrier | ||
| 502 | |b M.Usuluddin |c Jabatan Akidah dan Pemikiran Islam, Akademi Pengajian Islam, Universiti Malaya |d 2019. | ||
| 504 | |a Bibliography: leaves 142-149. | ||
| 650 | 0 | |a Islam |x Customs and practices. | |
| 650 | 0 | |a Islamic ethics. | |
| 650 | 0 | |a Muslims |x Conduct of life. | |
| 650 | 0 | |a Muslim converts |x Conduct of life. | |
| 650 | 0 | |a Social interaction |x Religious aspects |x Islam. | |
| 710 | 2 | |a Universiti Malaya. |b Jabatan Akidah dan Pemikiran Islam, |e degree granting institution. | |
| 900 | |a sba-ZA | ||
| 596 | |a 1 12 | ||
| 999 | |a BP42 A2 UM 2019 NURHMP |w LC |c 1 |i A517118912 |d 23/3/2021 |e 23/3/2021 |f 26/9/2019 |g 1 |l STACKS |m P12ISLAMKL |n 2 |r Y |s Y |t TESIS |u 26/9/2019 |1 AHSS | ||
| 999 | |a BP42 A2 UM 2019 NURHMP |w LC |c 1 |i A517489860 |f 11/2/2020 |g 1 |l STACKS |m P01UTAMA |r Y |s Y |t TESIS |u 6/2/2020 |1 AHSS |o .STAFF. TESIS API (TIADA CD & SURAT AGREEMENT DISERTAKN). | ||
